| 000 | 00579nam a2200169Ia 4500 | ||
|---|---|---|---|
| 008 | 220216s9999 xx 000 0 und d | ||
| 100 | _aEappen T. | ||
| 245 | 0 | _aStudy of potassium adsorption on soil under rubber plantation | |
| 260 |
_bNational Seminar on Developments in Soil Science: 62nd Annual Convention, 18-21 October 1997, Indian Society of Soil Science, Calcutta, India, pp. 68. _c1997 |
||
| 650 | _aPotassium adsorption | ||
| 650 | _aRubber growing soil | ||
| 650 | _aTripura | ||
| 700 | _aDey S.K. | ||
| 700 | _aPal T.K. | ||
| 700 | _aPothen J. | ||
| 942 | _cBS | ||
| 999 |
_c52402 _d52402 |
||